Statistics for Countries Ending with IA (one minute semi-empty map quiz)

Click here to take the quiz!

General Stats

  • This quiz has been taken 148 times
  • The average score is 177 of 196

Answers on the Map

Answers color-coded by a green-red scale on the quiz's map according to % correct below.
 

Answer Stats

country% Correct
x
100%
Russia
84%
Algeria
83%
Colombia
81%
Bolivia
78%
Mauritania
76%
Nigeria
72%
Namibia
70%
Austria
69%
Mongolia
69%
Tanzania
67%
Slovakia
66%
Saudi Arabia
64%
Zambia
64%
Slovenia
61%
Czechia
59%
Ethiopia
59%
Romania
59%
Australia
58%
India
55%
Serbia
55%
Bulgaria
54%
Albania
51%
Indonesia
51%
Somalia
50%
Croatia
48%
Latvia
38%
Lithuania
38%
Estonia
37%
Tunisia
37%
Malaysia
33%
Macedonia
32%
Cambodia
31%
Armenia
30%
Gambia
29%
Saint Lucia
27%
Syria
26%
Georgia
25%
Liberia
24%
Micronesia
15%

Score Distribution

Percentile by Number Answered

Percent of People with Each Score

Your Score History

You have not taken this quiz